La feria educativa:
Guardado en:
| Autor principal: | |
|---|---|
| Otros Autores: | |
| Formato: | Texto |
| Materias: | |
| Etiquetas: |
Agregar Etiqueta
Sin Etiquetas, Sea el primero en etiquetar este registro!
|
MARC
| LEADER | 00000 a a2200000 04500 | ||
|---|---|---|---|
| 001 | 41642 | ||
| 003 | |||
| 040 | |||
| 100 | |a Kleymeyer, Chuck | ||
| 245 | |a La feria educativa: |u na fuente de ideas y orgullo cultural / |c Chuck Kleymeyer; Carlos Moreno | ||
| 650 | |a POBLACION INDIGENA | ||
| 650 | |a EDUCACION | ||
| 650 | |a PROYECTOS DE DESARROLLO | ||
| 650 | |a DONACIONES | ||
| 650 | |a ORGANIZACIONES NO GUBERNAMENTALES | ||
| 700 | |a Moreno, Carlos | ||
| 773 | |g volumen12, número2 ( , 1988) | ||
| 999 | |c 30661 |d 30661 | ||
